000 00416nam a2200181Ia 4500
001 18596
005 20260306171642.0
008 260306s9999||||xx |||||||||||||| ||und||
041 _aESP
082 _a658.4092
_bC86G
100 _aCovey, Stephen R.
_eAUT
245 0 _aGrandeza para cada día
260 _c2007
300 _a318 páginas :
_c
650 _aGEN
654 _aCAN
942 _cLIB
_dJUS
_fJUS
_2ddc
_n
999 _c18596
_d18596